[Event "Aeroflot Open 2011 B"]
[Site "Moscu RUS"]
[Date "2011.02.16"]
[Round "9.17"]
[White "Panarin, Mikhail"]
[Black "Barbosa, Oliver"]
[Result "1/2-1/2"]
[WhiteElo "2533"]
[BlackElo "2461"]
[PlyCount "83"]
[EventDate "2011.02.08"]
[EventType "swiss"]
[EventRounds "9"]
[EventCountry "RUS"]
[Source "lmi"]
[SourceDate "2011.02.08"]

1. e4 c6 2. d4 d5 3. exd5 cxd5 4. c4 Nf6 5. Nc3 Nc6 6. Nf3 Bg4 7. cxd5 Nxd5 8.
Qb3 Bxf3 9. gxf3 e6 10. Qxb7 Nxd4 11. Bb5+ Nxb5 12. Qc6+ Ke7 13. Qxb5 Qd7 14.
Nxd5+ Qxd5 15. Bg5+ f6 16. Qxd5 exd5 17. Be3 Ke6 18. O-O-O Bb4 19. Kb1 Rhc8 20.
Rd3 Rc7 21. Rhd1 Rd8 22. h3 Rdd7 23. b3 h5 24. f4 Bc5 25. Kb2 Rd6 26. a3 d4 27.
Bxd4 Rcd7 28. Kc3 Bxa3 29. f5+ Kxf5 30. b4 Rb7 31. Bc5 Rxd3+ 32. Rxd3 a5 33.
bxa5 Rc7 34. Rd5+ Ke4 35. Kc4 g5 36. Rd4+ Ke5 37. Rd5+ Ke4 38. a6 Rc8 39. Rd4+
Ke5 40. Rd5+ Ke4 41. Rd4+ Ke5 42. Rd5+ 1/2-1/2

[Event "Aeroflot Open 2011 B"]
[Site "Moscu RUS"]
[Date "2011.02.16"]
[Round "9.19"]
[White "Batchuluun, Tsegmed"]
[Black "Stupak, Kirill"]
[Result "1/2-1/2"]
[WhiteElo "2424"]
[BlackElo "2527"]
[PlyCount "111"]
[EventDate "2011.02.08"]
[EventType "swiss"]
[EventRounds "9"]
[EventCountry "RUS"]
[Source "lmi"]
[SourceDate "2011.02.08"]

1. d4 e6 2. c4 Nf6 3. Nc3 Bb4 4. Nf3 c5 5. g3 b6 6. Bg2 Bb7 7. O-O Bxc3 8. bxc3
Nc6 9. Ne5 Na5 10. dxc5 Bxg2 11. Kxg2 Qc7 12. Nd3 bxc5 13. Qa4 Ke7 14. f3 d6
15. Bf4 Nd7 16. Rab1 a6 17. Rfd1 e5 18. Be3 Rab8 19. Nf2 Rxb1 20. Rxb1 h6 21.
Bc1 Rb8 22. Rxb8 Nxb8 23. Nd1 Nbc6 24. Ne3 Kf8 25. Qc2 Ne7 26. Qh7 Qd7 27. Nd5
f6 28. Bxh6 Ng8 29. Bc1 Nxc4 30. Qc2 Qb7 31. e4 Ne7 32. Qd3 Nxd5 33. Qxc4 Nc7
34. a4 Qc6 35. Be3 Na8 36. h4 Nc7 37. g4 Ke7 38. g5 Ne6 39. Kg3 fxg5 40. Bxg5+
Kd7 41. Kg4 Qc8 42. Qd5 Qe8 43. Qc4 Nc7 44. h5 Kc6 45. f4 exf4 46. Bxf4 Qd7+
47. Kg3 Qe7 48. Kg4 Qf6 49. Bg3 Kd7 50. e5 dxe5 51. Qxc5 Qe6+ 52. Kh4 Qf6+ 53.
Kg4 Qe6+ 54. Kh4 Qf6+ 55. Kg4 Qe6+ 56. Kh4 1/2-1/2

[Event "Aeroflot Open 2011 B"]
[Site "Moscu RUS"]
[Date "2011.02.16"]
[Round "9.20"]
[White "Zilberman, Yaacov"]
[Black "Ovetchkin, Roman"]
[Result "1/2-1/2"]
[WhiteElo "2468"]
[BlackElo "2498"]
[PlyCount "69"]
[EventDate "2011.02.08"]
[EventType "swiss"]
[EventRounds "9"]
[EventCountry "RUS"]
[Source "lmi"]
[SourceDate "2011.02.08"]

1. d4 Nf6 2. c4 e6 3. Nc3 Bb4 4. e3 O-O 5. Bd3 d5 6. Nf3 c5 7. O-O cxd4 8. exd4
dxc4 9. Bxc4 a6 10. a3 Bxc3 11. bxc3 Qc7 12. Bd3 Qxc3 13. Bg5 Nbd7 14. Qb1 b5
15. Rc1 Qa5 16. Ne5 h6 17. Nc6 Qb6 18. Bd2 Bb7 19. Ba5 Qxc6 20. Rxc6 Bxc6 21.
Qb2 Rfc8 22. Rc1 Bd5 23. f3 Rxc1+ 24. Qxc1 Bc4 25. Be4 Nd5 26. Bxd5 Bxd5 27.
Qc7 Nf8 28. Kf2 Ng6 29. g3 Nf8 30. h4 Nh7 31. Bd2 Nf6 32. Bb4 Ne8 33. Qb6 Nf6
34. Qc7 Ne8 35. Qb6 1/2-1/2

[Event "Aeroflot Open 2011 B"]
[Site "Moscu RUS"]
[Date "2011.02.16"]
[Round "9.21"]
[White "Alavkin, Arseny"]
[Black "Krapivin, Alexander"]
[Result "1-0"]
[WhiteElo "2393"]
[BlackElo "2476"]
[PlyCount "69"]
[EventDate "2011.02.08"]
[EventType "swiss"]
[EventRounds "9"]
[EventCountry "RUS"]
[Source "lmi"]
[SourceDate "2011.02.08"]

1. e4 c5 2. Nf3 e6 3. c3 Nf6 4. e5 Nd5 5. Bc4 d6 6. d4 cxd4 7. cxd4 Nc6 8. Qe2
Be7 9. O-O O-O 10. Re1 Na5 11. Bxd5 exd5 12. Nc3 dxe5 13. dxe5 d4 14. Rd1 Bg4
15. h3 Bxf3 16. Qxf3 Nc6 17. Qe4 Qa5 18. Nd5 Rfd8 19. Nxe7+ Nxe7 20. Bg5 Re8
21. Rxd4 Nc6 22. Rd5 Qb6 23. b3 h6 24. Bh4 Re6 25. Rad1 Rae8 26. Bg3 f5 27. Qc4
Kh8 28. Rd6 R6e7 29. Bh4 Rc7 30. e6 Qa5 31. e7 Ne5 32. Qe6 Rc6 33. Rxc6 bxc6
34. Bg3 Qb4 35. Bxe5 1-0

[Event "Aeroflot Open 2011 B"]
[Site "Moscu RUS"]
[Date "2011.02.16"]
[Round "9.22"]
[White "Ulibin, Mikhail"]
[Black "Oparin, Grigoriy"]
[Result "1-0"]
[WhiteElo "2547"]
[BlackElo "2328"]
[PlyCount "123"]
[EventDate "2011.02.08"]
[EventType "swiss"]
[EventRounds "9"]
[EventCountry "RUS"]
[Source "lmi"]
[SourceDate "2011.02.08"]

1. d4 d5 2. c4 e6 3. Nf3 Nf6 4. g3 Bb4+ 5. Bd2 Be7 6. Bg2 O-O 7. O-O c6 8. Qb3
b6 9. Nc3 Nbd7 10. Bf4 Bb7 11. Rfd1 Nh5 12. Be5 f6 13. Bf4 Nxf4 14. gxf4 Kh8
15. Rac1 Bd6 16. f5 dxc4 17. Qxc4 exf5 18. Qe6 Qe7 19. Qxf5 Rac8 20. Nh4 g6 21.
Qh3 Kg7 22. e4 Bf4 23. Qg4 Bg5 24. f4 Bxh4 25. Qxh4 c5 26. d5 Rfe8 27. Nb5 a6
28. Nc7 Rxc7 29. d6 Qd8 30. dxc7 Qxc7 31. Qg4 Nf8 32. e5 fxe5 33. Bxb7 Qxb7 34.
f5 Qc6 35. b4 e4 36. bxc5 bxc5 37. Qg3 e3 38. Re1 Qe4 39. Rxc5 Nd7 40. Rc7 Re7
41. Qg5 e2 42. Rc4 Qe5 43. f6+ Qxf6 44. Qxf6+ Kxf6 45. Rf4+ Kg5 46. Rf2 Re5 47.
Rexe2 Rb5 48. Rf7 Ne5 49. Rxh7 Rb1+ 50. Kf2 Nd3+ 51. Kg3 Rg1+ 52. Kf3 Rf1+ 53.
Ke3 Nf4 54. Rf2 Re1+ 55. Kf3 Nd3 56. Rg2+ Kf6 57. Rd2 Ne5+ 58. Kf2 Rb1 59. Rd6+
Kf5 60. Rxa6 Ng4+ 61. Kg2 Rb2+ 62. Kg3 1-0

[Event "Aeroflot Open 2011 B"]
[Site "Moscu RUS"]
[Date "2011.02.16"]
[Round "9.23"]
[White "Abbasifar, Hasan"]
[Black "Kunin, Vitaly"]
[Result "0-1"]
[WhiteElo "2411"]
[BlackElo "2548"]
[PlyCount "88"]
[EventDate "2011.02.08"]
[EventType "swiss"]
[EventRounds "9"]
[EventCountry "RUS"]
[Source "lmi"]
[SourceDate "2011.02.08"]

1. e4 c5 2. Nf3 Nf6 3. Nc3 d5 4. exd5 Nxd5 5. Bb5+ Bd7 6. Ne5 Nf6 7. Qf3 Qc8 8.
Nxd7 Nbxd7 9. O-O e6 10. Qg3 Qb8 11. f4 Qc7 12. a4 g6 13. a5 Bg7 14. a6 O-O 15.
axb7 Qxb7 16. Qf3 Nd5 17. Ba6 Qc6 18. Bb5 Qb7 19. Ba6 Qc6 20. Bb5 Qd6 21. Ne4
Qc7 22. c3 c4 23. d4 cxd3 24. Bxd3 a5 25. Bd2 Rfd8 26. Kh1 Rab8 27. Ra2 Nc5 28.
Nxc5 Qxc5 29. Bc1 Rd7 30. h3 Rbd8 31. Be2 h5 32. Ra4 Qb6 33. Rc4 Ne7 34. b4 Nf5
35. g4 hxg4 36. hxg4 Nh4 37. Qc6 Qb8 38. bxa5 Rd6 39. Qe4 f5 40. gxf5 exf5 41.
Qe3 Qa8+ 42. Rf3 Re8 43. Qf2 Rxe2 44. Qxe2 Nxf3 0-1

[Event "Aeroflot Open 2011 B"]
[Site "Moscu RUS"]
[Date "2011.02.16"]
[Round "9.24"]
[White "Romanko, Marina"]
[Black "Kuderinov, Kirill"]
[Result "0-1"]
[WhiteElo "2404"]
[BlackElo "2469"]
[PlyCount "86"]
[EventDate "2011.02.08"]
[EventType "swiss"]
[EventRounds "9"]
[EventCountry "RUS"]
[Source "lmi"]
[SourceDate "2011.02.08"]

1. d4 Nf6 2. c4 e6 3. Nc3 Bb4 4. Qc2 b6 5. a3 Bxc3+ 6. Qxc3 Bb7 7. Bg5 h6 8.
Bh4 d6 9. e3 Nbd7 10. Ne2 g5 11. Bg3 h5 12. f3 h4 13. Bf2 h3 14. e4 g4 15. d5
Ne5 16. Nd4 Qe7 17. O-O-O O-O-O 18. Re1 hxg2 19. Bxg2 gxf3 20. Bxf3 Kb8 21. Bd1
Nh5 22. Bxh5 Rxh5 23. Bg3 Rdh8 24. Kb1 Ng4 25. h4 Qf6 26. Rhf1 Qg6 27. Ka1 e5
28. Nc6+ Bxc6 29. dxc6 f5 30. exf5 Rxf5 31. Rxf5 Qxf5 32. c5 dxc5 33. Bxe5 Rh6
34. Bd6 Qc8 35. Bxc7+ Kxc7 36. Rg1 Rg6 37. h5 Rg8 38. Qf3 Ne5 39. Rxg8 Nxf3 40.
Rxc8+ Kxc8 41. h6 Ng5 42. b4 cxb4 43. axb4 b5 0-1

[Event "Aeroflot Open 2011 B"]
[Site "Moscu RUS"]
[Date "2011.02.16"]
[Round "9.25"]
[White "Arslanov, Shamil"]
[Black "Sharafiev, Azat"]
[Result "1/2-1/2"]
[WhiteElo "2368"]
[BlackElo "2462"]
[PlyCount "51"]
[EventDate "2011.02.08"]
[EventType "swiss"]
[EventRounds "9"]
[EventCountry "RUS"]
[Source "lmi"]
[SourceDate "2011.02.08"]

1. e4 c6 2. d4 d5 3. exd5 cxd5 4. c4 Nf6 5. Nc3 Nc6 6. Bg5 Be6 7. a3 Qd7 8. c5
Ne4 9. Bf4 g5 10. Be3 Bg7 11. f3 Nxc3 12. bxc3 g4 13. Bb5 O-O 14. fxg4 Bxg4 15.
Nf3 e5 16. dxe5 Qe7 17. Bxc6 bxc6 18. O-O Bxe5 19. Qa4 Bxf3 20. Rxf3 Bxc3 21.
Raf1 Bg7 22. Qxc6 d4 23. Bh6 Rac8 24. Qa6 Bxh6 25. Qxh6 f6 26. Rxf6 1/2-1/2

[Event "Aeroflot Open 2011 B"]
[Site "Moscu RUS"]
[Date "2011.02.16"]
[Round "9.26"]
[White "Sharavdorj, Dashzegve"]
[Black "Poetsch, Hagen"]
[Result "0-1"]
[WhiteElo "2452"]
[BlackElo "2408"]
[PlyCount "70"]
[EventDate "2011.02.08"]
[EventType "swiss"]
[EventRounds "9"]
[EventCountry "RUS"]
[Source "lmi"]
[SourceDate "2011.02.08"]

1. d4 d5 2. c4 c6 3. Nf3 Nf6 4. Nc3 dxc4 5. a4 Bf5 6. Ne5 Nbd7 7. Nxc4 Nb6 8.
Ne5 a5 9. e3 e6 10. g4 Bg6 11. h4 Bd6 12. h5 Be4 13. Nxe4 Nxe4 14. Bg2 f5 15.
Qb3 Bb4+ 16. Ke2 Qd5 17. Qxd5 cxd5 18. gxf5 exf5 19. Rg1 O-O 20. h6 g6 21. f3
Ng3+ 22. Kf2 f4 23. Bh3 Nf5 24. Bxf5 Rxf5 25. exf4 Rc8 26. Be3 Rc2+ 27. Kg3
Rxb2 28. Rac1 Re2 29. Rc7 Bf8 30. Bf2 Bxh6 31. Rb1 Bxf4+ 32. Kg2 Nc4 33. Kf1
Rexe5 34. Rxc4 dxc4 35. dxe5 c3 0-1

[Event "Aeroflot Open 2011 B"]
[Site "Moscu RUS"]
[Date "2011.02.16"]
[Round "9.27"]
[White "Antipov, Mikhail Al"]
[Black "Lushenkov, Mikhail"]
[Result "1/2-1/2"]
[WhiteElo "2358"]
[BlackElo "2451"]
[PlyCount "136"]
[EventDate "2011.02.08"]
[EventType "swiss"]
[EventRounds "9"]
[EventCountry "RUS"]
[Source "lmi"]
[SourceDate "2011.02.08"]

1. e4 e5 2. Nf3 Nc6 3. Bb5 a6 4. Ba4 Nf6 5. O-O Be7 6. Re1 b5 7. Bb3 d6 8. c3
O-O 9. h3 Nb8 10. d4 Nbd7 11. Nbd2 Bb7 12. a4 c5 13. d5 c4 14. Bc2 Nc5 15. Nf1
Qb6 16. Ng3 Rfb8 17. Nf5 Bf8 18. Bg5 Ne8 19. Nd2 Bc8 20. axb5 axb5 21. Qf3 Ra7
22. Be3 Rba8 23. Rab1 Ra2 24. h4 Qc7 25. h5 Na4 26. Bxa4 bxa4 27. Qe2 Rb8 28.
Qxc4 Qxc4 29. Nxc4 Ba6 30. Nb6 Bd3 31. Rbd1 Bxe4 32. Ng3 Bc2 33. Rd2 Bb3 34.
Ne2 Be7 35. Nc1 Ra1 36. Kf1 f5 37. g3 Nf6 38. Nxb3 Rxe1+ 39. Kxe1 axb3 40. Rd1
Nxh5 41. Ra1 f4 42. gxf4 Nxf4 43. Bxf4 Rxb6 44. Be3 Rb7 45. Kd2 Kf7 46. Rh1 h6
47. Kd3 Kg6 48. Ke4 h5 49. Rg1+ Kf7 50. f3 Rb8 51. Ra1 Kf6 52. Ra7 Rh8 53. f4
exf4 54. Bd4+ Kf7 55. Kxf4 h4 56. Bg1 Rh6 57. Bh2 Kf6 58. Kg4 Rg6+ 59. Kh3 Rg5
60. c4 Rf5 61. Kxh4 Rf3 62. Kg4 Rd3 63. Rd7 Rd4+ 64. Kf3 Rxc4 65. Bxd6 Bxd6 66.
Rxd6+ Ke5 67. Rb6 Rf4+ 68. Kg3 Rf6 1/2-1/2

[Event "Aeroflot Open 2011 B"]
[Site "Moscu RUS"]
[Date "2011.02.16"]
[Round "9.28"]
[White "Filipenko, Alexander V"]
[Black "Badmatsyrenov, Oleg"]
[Result "1/2-1/2"]
[WhiteElo "2357"]
[BlackElo "2449"]
[PlyCount "132"]
[EventDate "2011.02.08"]
[EventType "swiss"]
[EventRounds "9"]
[EventCountry "RUS"]
[Source "lmi"]
[SourceDate "2011.02.08"]

1. e4 c5 2. Nf3 e6 3. d4 cxd4 4. Nxd4 a6 5. Bd3 Bc5 6. Nb3 Be7 7. Be3 Nf6 8.
N1d2 Nc6 9. f4 e5 10. Nc4 d5 11. Bb6 Qd7 12. exd5 Qxd5 13. Ne3 Qd6 14. Nc4 Qb8
15. fxe5 Nxe5 16. Nxe5 Qxe5+ 17. Qe2 Qf4 18. Bc5 O-O 19. Bxe7 Bg4 20. Qd2 Qe5+
21. Kf2 Qxe7 22. Qf4 Rfd8 23. Rhe1 Qf8 24. a3 Be6 25. Nd4 Qc5 26. c3 Qb6 27.
Re2 Bg4 28. Rd2 Re8 29. Re1 Bh5 30. h3 Rxe1 31. Kxe1 Re8+ 32. Kf1 Bg6 33. Bxg6
hxg6 34. Rf2 Qc5 35. Re2 Qc4 36. Ke1 Rxe2+ 37. Nxe2 Qd5 38. Kf1 Qd1+ 39. Kf2 b5
40. Qb8+ Kh7 41. Qf4 Qb3 42. Qc1 Ne4+ 43. Kg1 Qd5 44. Nd4 Nd6 45. Nf3 f6 46.
Qd2 Qe6 47. Nd4 Qe4 48. b3 Nf7 49. a4 bxa4 50. bxa4 Qe8 51. a5 Qa4 52. Ne6 Qxa5
53. Qd7 Qb6+ 54. Kf1 Qb5+ 55. Qxb5 axb5 56. Ke2 Kg8 57. Kd3 Nd6 58. Kd4 Kf7 59.
Nc7 f5 60. Kd5 Ke7 61. Kc6 g5 62. Nxb5 Nc4 63. Kd5 Ne3+ 64. Ke5 g6 65. Nd4 Nxg2
66. Nxf5+ gxf5 1/2-1/2

[Event "Aeroflot Open 2011 B"]
[Site "Moscu RUS"]
[Date "2011.02.16"]
[Round "9.29"]
[White "Sieciechowicz, Marcin"]
[Black "Artemiev, Vladislav"]
[Result "1-0"]
[WhiteElo "2441"]
[BlackElo "2384"]
[PlyCount "119"]
[EventDate "2011.02.08"]
[EventType "swiss"]
[EventRounds "9"]
[EventCountry "RUS"]
[Source "lmi"]
[SourceDate "2011.02.08"]

1. d4 d5 2. c4 c6 3. Nf3 Nf6 4. Nc3 e6 5. Bg5 h6 6. Bh4 dxc4 7. e4 b5 8. e5 g5
9. Nxg5 hxg5 10. Bxg5 Nbd7 11. g3 Bb7 12. exf6 c5 13. d5 Qb6 14. Bg2 O-O-O 15.
O-O b4 16. Na4 Qb5 17. a3 exd5 18. axb4 cxb4 19. Bf4 Bh6 20. Bd6 Bf8 21. Be7
Bxe7 22. fxe7 Rde8 23. Qd4 Rh6 24. Rfc1 Rxe7 25. b3 c3 26. Bf1 Ne5 27. Nxc3
Nf3+ 28. Kg2 Qxf1+ 29. Kxf3 Qh3 30. Ne2+ Kd8 31. Nf4 Qf5 32. Kg2 Qe4+ 33. Qxe4
dxe4 34. Kg1 e3 35. fxe3 a6 36. Rc4 Rb6 37. Rd1+ Rd7 38. Rxd7+ Kxd7 39. Nd3 a5
40. Nc5+ Kd6 41. Nxb7+ Rxb7 42. Kf2 Kd5 43. e4+ Ke5 44. Ke3 a4 45. bxa4 b3 46.
Rc5+ Kd6 47. Rc1 b2 48. Rb1 Ke5 49. Kd3 Rb3+ 50. Kc4 Rb8 51. Kc3 Kxe4 52. Rxb2
Rc8+ 53. Kb3 Kd3 54. Rf2 Rb8+ 55. Ka3 Rb7 56. a5 Kc4 57. Rf4+ Kc5 58. a6 Ra7
59. Ra4 Kb5 60. Kb3 1-0

[Event "Aeroflot Open 2011 B"]
[Site "Moscu RUS"]
[Date "2011.02.16"]
[Round "9.30"]
[White "Lu, Yijie"]
[Black "Kanter, Eduard"]
[Result "1-0"]
[WhiteElo "2311"]
[BlackElo "2429"]
[PlyCount "57"]
[EventDate "2011.02.08"]
[EventType "swiss"]
[EventRounds "9"]
[EventCountry "RUS"]
[Source "lmi"]
[SourceDate "2011.02.08"]

1. e4 c5 2. Nf3 d6 3. d4 cxd4 4. Nxd4 Nf6 5. Nc3 g6 6. Be3 Bg7 7. f3 O-O 8. Qd2
Nc6 9. Bc4 Bd7 10. h4 Ne5 11. Bb3 h5 12. O-O-O Rc8 13. Bh6 Bxh6 14. Qxh6 Rxc3
15. bxc3 Qc7 16. Kb1 a5 17. f4 Nc4 18. f5 a4 19. Bxc4 Qxc4 20. fxg6 Rc8 21.
Rhf1 fxg6 22. Qxg6+ Kf8 23. e5 dxe5 24. Rxf6+ exf6 25. Qxf6+ Qf7 26. Qh8+ Ke7
27. Qxe5+ Kf8 28. Qh8+ Qg8 29. Rf1+ 1-0

[Event "Aeroflot Open 2011 B"]
[Site "Moscu RUS"]
[Date "2011.02.16"]
[Round "9.31"]
[White "Lou, Yiping"]
[Black "Baghdasaryan, Vahe"]
[Result "0-1"]
[WhiteElo "2429"]
[BlackElo "2303"]
[PlyCount "54"]
[EventDate "2011.02.08"]
[EventType "swiss"]
[EventRounds "9"]
[EventCountry "RUS"]
[Source "lmi"]
[SourceDate "2011.02.08"]

1. d4 d5 2. c4 c6 3. Nc3 Nf6 4. Nf3 e6 5. e3 Nbd7 6. Bd3 Bd6 7. e4 dxe4 8. Nxe4
Nxe4 9. Bxe4 e5 10. O-O exd4 11. Qxd4 Qf6 12. Rd1 Be7 13. Be3 Qxd4 14. Bxd4 O-O
15. h3 Nc5 16. Bc2 Be6 17. Re1 Rfe8 18. Re3 Bf8 19. Rae1 Red8 20. b3 b5 21.
cxb5 cxb5 22. Ba1 Bd5 23. Nd4 b4 24. h4 Ne6 25. Nf5 Rac8 26. Bb1 Nf4 27. g3 Ng2
0-1

[Event "Aeroflot Open 2011 B"]
[Site "Moscu RUS"]
[Date "2011.02.16"]
[Round "9.32"]
[White "Hamitevici, Vladimir"]
[Black "Guo, Qi"]
[Result "1/2-1/2"]
[WhiteElo "2412"]
[BlackElo "2310"]
[PlyCount "71"]
[EventDate "2011.02.08"]
[EventType "swiss"]
[EventRounds "9"]
[EventCountry "RUS"]
[Source "lmi"]
[SourceDate "2011.02.08"]

1. d4 e6 2. c4 Nf6 3. Nf3 d5 4. g3 dxc4 5. Bg2 c5 6. O-O Nc6 7. Qa4 Bd7 8. Qxc4
b5 9. Qd3 Rc8 10. Nc3 cxd4 11. Nxd4 Nxd4 12. Qxd4 Bc5 13. Qd3 b4 14. Ne4 Nxe4
15. Bxe4 Qb6 16. a4 bxa3 17. bxa3 Bb5 18. Qf3 O-O 19. Rb1 Qa5 20. Bb2 f5 21.
Bd3 Bxd3 22. Qxd3 Rfd8 23. Qf3 Bb6 24. Rfd1 Qa4 25. Rxd8+ Rxd8 26. Rc1 h6 27.
Kg2 Qb5 28. Bc3 Qd5 29. Bb4 Kf7 30. Qxd5 Rxd5 31. Rc4 Rd4 32. Rxd4 Bxd4 33. e3
Bb2 34. Bc5 e5 35. Bxa7 Bxa3 36. f3 1/2-1/2

[Event "Aeroflot Open 2011 B"]
[Site "Moscu RUS"]
[Date "2011.02.16"]
[Round "9.33"]
[White "Kalegin, Evgenij"]
[Black "Khantuev, Alexander"]
[Result "1-0"]
[WhiteElo "2462"]
[BlackElo "2347"]
[PlyCount "73"]
[EventDate "2011.02.08"]
[EventType "swiss"]
[EventRounds "9"]
[EventCountry "RUS"]
[Source "lmi"]
[SourceDate "2011.02.08"]

1. e4 e6 2. d4 d5 3. Nc3 Nf6 4. e5 Nfd7 5. f4 c5 6. Nf3 Nc6 7. Be3 Be7 8. Qd2
O-O 9. Bd3 cxd4 10. Nxd4 Nc5 11. O-O Bd7 12. Qf2 Nxd3 13. cxd3 f6 14. exf6 Rxf6
15. Nxc6 bxc6 16. Bd4 Rf7 17. Na4 Qa5 18. b3 Raf8 19. Qe3 Bd6 20. g3 Bc8 21.
Rac1 Qc7 22. Bc5 Bxc5 23. Nxc5 Rf5 24. d4 Qf7 25. Rf2 h6 26. Nd3 Ba6 27. Ne5
Qe8 28. Nxc6 g5 29. Ne5 Qh5 30. Nd7 gxf4 31. gxf4 R8f7 32. Rg2+ Kh8 33. Qg3 Qg5
34. Ne5 R7f6 35. Qxg5 hxg5 36. Rxg5 Rxg5+ 37. fxg5 1-0

[Event "Aeroflot Open 2011 B"]
[Site "Moscu RUS"]
[Date "2011.02.16"]
[Round "9.34"]
[White "Shukh, Nikolai"]
[Black "Matinian, Nikita"]
[Result "1/2-1/2"]
[WhiteElo "2442"]
[BlackElo "2339"]
[PlyCount "36"]
[EventDate "2011.02.08"]
[EventType "swiss"]
[EventRounds "9"]
[EventCountry "RUS"]
[Source "lmi"]
[SourceDate "2011.02.08"]

1. e4 c5 2. Nf3 d6 3. d4 cxd4 4. Nxd4 Nf6 5. Nc3 g6 6. Be3 Bg7 7. f3 O-O 8. Qd2
Nc6 9. Bc4 Nd7 10. O-O-O Nb6 11. Bb3 Na5 12. Qd3 Bd7 13. h4 Rc8 14. h5 Nbc4 15.
hxg6 fxg6 16. Bg5 Nxb3+ 17. axb3 Ne5 18. Qd2 Nf7 1/2-1/2

[Event "Aeroflot Open 2011 B"]
[Site "Moscu RUS"]
[Date "2011.02.16"]
[Round "9.35"]
[White "Korchmar, Vasiliy"]
[Black "Dimakiling, Oliver"]
[Result "0-1"]
[WhiteElo "2216"]
[BlackElo "2432"]
[PlyCount "78"]
[EventDate "2011.02.08"]
[EventType "swiss"]
[EventRounds "9"]
[EventCountry "RUS"]
[Source "lmi"]
[SourceDate "2011.02.08"]

1. e4 d6 2. d4 g6 3. c4 Bg7 4. Nc3 c6 5. Nf3 Bg4 6. Be3 Nd7 7. Be2 Ngf6 8. O-O
O-O 9. h3 Bxf3 10. Bxf3 a6 11. a4 Rc8 12. a5 e5 13. dxe5 Nxe5 14. Be2 Qe7 15.
f4 Ned7 16. Bf3 Rfd8 17. Re1 Nf8 18. Qc2 Ne6 19. Rad1 Nd7 20. Rd2 Qh4 21. Red1
Nxf4 22. Rxd6 Be5 23. R6d2 Nf8 24. Bg4 N4e6 25. Bf2 Qf6 26. Rxd8 Rxd8 27. Rxd8
Qxd8 28. b4 Nd4 29. Qd3 h5 30. Bd1 Nfe6 31. Bg3 Bg7 32. e5 h4 33. Bh2 c5 34.
Ne4 cxb4 35. Nd6 Qxa5 36. Qf1 Qc7 37. Qe1 b3 38. Qb4 a5 39. Qa4 b2 0-1

[Event "Aeroflot Open 2011 B"]
[Site "Moscu RUS"]
[Date "2011.02.16"]
[Round "9.36"]
[White "Carlstedt, Jonathan"]
[Black "Kochetkova, Julia"]
[Result "1/2-1/2"]
[WhiteElo "2409"]
[BlackElo "2311"]
[PlyCount "45"]
[EventDate "2011.02.08"]
[EventType "swiss"]
[EventRounds "9"]
[EventCountry "RUS"]
[Source "lmi"]
[SourceDate "2011.02.08"]

1. c4 e6 2. g3 Nf6 3. Bg2 d5 4. Nf3 dxc4 5. Qa4+ c6 6. Qxc4 b5 7. Qc2 Bb7 8.
Nc3 Nbd7 9. O-O a6 10. a4 b4 11. Nd1 c5 12. Ne3 Be7 13. Nc4 a5 14. d3 O-O 15.
e4 Nb6 16. Nfe5 Nxc4 17. Nxc4 Nd7 18. Bf4 Nb8 19. Be3 Nc6 20. f4 Nd4 21. Qf2
Rc8 22. Rad1 Bc6 23. Bxd4 1/2-1/2

[Event "Aeroflot Open 2011 B"]
[Site "Moscu RUS"]
[Date "2011.02.16"]
[Round "9.37"]
[White "Bajarani, Ulvi"]
[Black "Denisov, Lev"]
[Result "1-0"]
[WhiteElo "2393"]
[BlackElo "2337"]
[PlyCount "91"]
[EventDate "2011.02.08"]
[EventType "swiss"]
[EventRounds "9"]
[EventCountry "RUS"]
[Source "lmi"]
[SourceDate "2011.02.08"]

1. c4 c5 2. g3 Nc6 3. Bg2 g6 4. e3 Bg7 5. Ne2 e5 6. Nbc3 Nge7 7. O-O O-O 8. a3
d6 9. Rb1 a5 10. d3 Rb8 11. Bd2 Be6 12. Qa4 Bf5 13. Qc2 Kh8 14. Nb5 Be6 15.
Nec3 f5 16. Nd5 g5 17. d4 cxd4 18. exd4 Ng6 19. Ndc7 Bd7 20. d5 e4 21. dxc6
bxc6 22. Bxa5 cxb5 23. b4 Qf6 24. cxb5 Bxb5 25. Nxb5 Rxb5 26. a4 Rbb8 27. b5
Ne5 28. Bc7 Rbc8 29. b6 Qf7 30. Qb3 Rxc7 31. bxc7 Qxc7 32. Rfc1 Qa7 33. Rc2 Nd3
34. Kf1 Bd4 35. Qa2 Qa5 36. Qc4 Qe5 37. Rb5 Qg7 38. Qc7 Qg6 39. Rb8 Bg7 40.
Rxf8+ Bxf8 41. Kg1 Qf6 42. a5 Qa1+ 43. Bf1 Ne5 44. Qc3 Qd1 45. a6 Kg7 46. a7
1-0

[Event "Aeroflot Open 2011 B"]
[Site "Moscu RUS"]
[Date "2011.02.16"]
[Round "9.38"]
[White "Shevelev, Arkady"]
[Black "Tseshkovsky, Vitaly"]
[Result "1/2-1/2"]
[WhiteElo "2303"]
[BlackElo "2528"]
[PlyCount "100"]
[EventDate "2011.02.08"]
[EventType "swiss"]
[EventRounds "9"]
[EventCountry "RUS"]
[Source "lmi"]
[SourceDate "2011.02.08"]

1. e4 g6 2. d4 Bg7 3. Nc3 a6 4. a4 d6 5. g3 Nf6 6. Bg2 O-O 7. Nge2 Nc6 8. h3 e5
9. Be3 exd4 10. Nxd4 Bd7 11. O-O Re8 12. Re1 Qc8 13. Kh2 Nb4 14. Nde2 Bc6 15.
Nd5 a5 16. c3 Nbxd5 17. exd5 Bd7 18. Bd4 Re7 19. Nf4 Rxe1 20. Qxe1 Qf8 21. Qd2
Be8 22. b3 Nd7 23. Bxg7 Qxg7 24. Nd3 h5 25. Re1 Nf6 26. Nb2 b6 27. Bf1 Nd7 28.
Nd3 Qf6 29. Bg2 Nc5 30. Nxc5 bxc5 31. Re3 Bd7 32. Rf3 Qe5 33. Re3 Qf6 34. Rf3
Qg7 35. c4 Bf5 36. Re3 Qd4 37. Qe1 Kf8 38. Kg1 Qb2 39. Kh2 Kg7 40. Rf3 h4 41.
Qe7 hxg3+ 42. fxg3 Rf8 43. Qe1 Rh8 44. Rf2 Qd4 45. Re2 g5 46. Qc1 Bxh3 47. Bxh3
g4 48. Qd2 Rxh3+ 49. Kg2 Qf6 50. Qb2 Rh8 1/2-1/2

[Event "Aeroflot Open 2011 B"]
[Site "Moscu RUS"]
[Date "2011.02.16"]
[Round "9.39"]
[White "Kurukin, Dmitry"]
[Black "Delorme, Axel"]
[Result "1-0"]
[WhiteElo "2313"]
[BlackElo "2492"]
[PlyCount "71"]
[EventDate "2011.02.08"]
[EventType "swiss"]
[EventRounds "9"]
[EventCountry "RUS"]
[Source "lmi"]
[SourceDate "2011.02.08"]

1. d4 Nf6 2. c4 e6 3. Nf3 d5 4. g3 dxc4 5. Bg2 a6 6. O-O Nc6 7. Bg5 Be7 8. e3
Nd5 9. Bxe7 Qxe7 10. Nbd2 Nb6 11. Qc1 O-O 12. Nxc4 Nxc4 13. Qxc4 e5 14. d5 Nd8
15. Nd2 c6 16. e4 f6 17. Rac1 Nf7 18. a4 Bd7 19. Qb3 Rab8 20. Rfe1 Rfc8 21. a5
Nd6 22. Qa2 Qf8 23. b4 cxd5 24. exd5 Bb5 25. Bh3 Rxc1 26. Be6+ Kh8 27. Rxc1 Qd8
28. Qc2 b6 29. axb6 Rxb6 30. Ne4 h6 31. Nxd6 Rxd6 32. Qg6 Qb6 33. Rc6 Rxc6 34.
Qe8+ Kh7 35. Qg8+ Kg6 36. Kg2 1-0

[Event "Aeroflot Open 2011 B"]
[Site "Moscu RUS"]
[Date "2011.02.16"]
[Round "9.40"]
[White "Demianjuk, Alexander"]
[Black "Korobkov, Piotr"]
[Result "1-0"]
[WhiteElo "2305"]
[BlackElo "2492"]
[PlyCount "59"]
[EventDate "2011.02.08"]
[EventType "swiss"]
[EventRounds "9"]
[EventCountry "RUS"]
[Source "lmi"]
[SourceDate "2011.02.08"]

1. d4 f5 2. Bg5 d5 3. e3 Nf6 4. Bxf6 exf6 5. Nd2 c5 6. dxc5 Bxc5 7. Nb3 Bb6 8.
Ne2 Nc6 9. Nf4 Ne7 10. Qf3 g5 11. Qh5+ Kd7 12. Ne2 Kc7 13. O-O-O a5 14. Nbd4 a4
15. Qf7 Rf8 16. Qxh7 a3 17. b3 Kb8 18. h4 Bc5 19. Qg7 Rg8 20. Qf7 Rf8 21. Qg7
Rg8 22. Qh6 g4 23. Nf4 Rh8 24. Qxf6 Rf8 25. Qg7 Rg8 26. Qf7 Qd6 27. h5 Rh8 28.
Nfe6 Bb6 29. h6 Qb4 30. Qf6 1-0